00728 2200241 4500001002100000005001700021008004100038020001800079035002500097090001900122100002100141245014800162250001100310260003100321300002500352650001800377700001500395700001300410700001900423850001200442990001600454990001600470YOGYA-0209000000004120150527153343.0 ind  a979-523-567-1 a0010-020900000000041 aR 746.4bDha W aDHAMIJA, Jasleen aWoven magicbthe affininty between Indian and Indonesian textilescby Jasleen Dhamija; photographers Rio Helmi, Haryanto; editor T. Alisyahbana aCet. 1 aJakartabDian Rakyatc2002 a108 hlmbilusc21 cm aTenunan, kain aHelmi, Rio aHaryanto aAlisyahbana, T aYOPDYOG a2599-PD/P04 a2600-PD/P04